| 000 | 01281nam a2200325 c 4500 | ||
|---|---|---|---|
| 999 |
_c198325 _d198325 |
||
| 003 | BLK | ||
| 005 | 20241207151937.0 | ||
| 008 | 180411b bul|||||r ||||||| ||bul|| | ||
| 010 | _aKNG00207669000 | ||
| 040 | _aBLK | ||
| 041 |
_aBUL _cBUL |
||
| 080 |
_aОперни театри. Театри за опера и балет. Вж и 792.8 _b792.54 _x(497.2)(091) _z792.54(497.2)(091) |
||
| 139 |
_a40 години Народна опера - Русе _bЧ 75 |
||
| 245 | 1 | 0 |
_a40 години Народна опера Русе _bСезон 1989/1990 _cсъстав. Йоанна Бакалова-Градева. |
| 257 | _aBGR | ||
| 260 |
_bЦентър за пропаганда, информ. и печат при К-та за култура _c1989 |
||
| 300 |
_a81 с. _bсъс сн. |
||
| 380 | _a7 | ||
| 650 | 0 |
_aОпера - България _9269297 |
|
| 651 | 4 |
_aРусе _9179462 |
|
| 653 | _aОпера | ||
| 700 |
_aБакалова-Градева, Йоанна Веселинова _gМузиколог _9348235 |
||
| 852 | _aЦб 162965 | ||
| 856 | 4 | _qpdf | |
| 856 | 4 | _qpdf | |
| 942 |
_cKNG _n0 _s1 _01 |
||
| 944 |
_aCR _c08.06.2017 _k30560 _lГеновева Генчева |
||
| 944 |
_aED _c08.06.2017 _kТеодора_Стоянова |
||
| 999 | _d198325 | ||